Welcome to CU Library Online Public Access Catalogue (OPAC)

Auditing / (Record no. 611)

MARC details
000 -LEADER
fixed length control field 00547nam a22001817a 4500
005 - DATE AND TIME OF LATEST TRANSACTION
control field 20241104200535.0
008 - FIXED-LENGTH DATA ELEMENTS--GENERAL INFORMATION
fixed length control field 241104b |||||||| |||| 00| 0 eng d
020 ## - INTERNATIONAL STANDARD BOOK NUMBER
International Standard Book Number 9781844809424
050 ## - LIBRARY OF CONGRESS CALL NUMBER
Classification number HF5667
245 ## - TITLE STATEMENT
Title Auditing /
Statement of responsibility, etc. edited by: The late A. H. Millichamp; J. R. Taylor
250 ## - EDITION STATEMENT
Edition statement Ninth Ed.
260 ## - PUBLICATION, DISTRIBUTION, ETC.
Place of publication, distribution, etc. UK
Name of publisher, distributor, etc. Cengage Learning EMEA
Date of publication, distribution, etc. c2008
300 ## - PHYSICAL DESCRIPTION
Extent xx, 458 pages
Other physical details Index
Dimensions 25cm
650 ## - SUBJECT ADDED ENTRY--TOPICAL TERM
Source of heading or term Auditing
700 ## - ADDED ENTRY--PERSONAL NAME
Personal name A. H. Millichamp
Titles and other words associated with a name BA, MSocSc, FCCA, ATII
Relator term editor
700 ## - ADDED ENTRY--PERSONAL NAME
Personal name J. R. Taylor
Titles and other words associated with a name MA, FCA
Relator term editor
942 ## - ADDED ENTRY ELEMENTS (KOHA)
Source of classification or shelving scheme Library of Congress Classification
Koha item type Books
Suppress in OPAC No
999 ## -
-- 611
-- 611
Holdings
Withdrawn status Lost status Source of classification or shelving scheme Damaged status Not for loan Collection Home library Current library Shelving location Date acquired Total checkouts Full call number Barcode Date last seen Copy number Price effective from Koha item type
    Library of Congress Classification     Non-fiction Business Library (Miotso) Business Library (Miotso) Reference 11/04/2024   HF5667 MIL bssm00000129 11/04/2024 1 11/04/2024 Books
    Library of Congress Classification     Non-fiction Business Library (Miotso) Business Library (Miotso) Reference 11/04/2024   HF5667 MIL bssm00000130 11/04/2024 2 11/04/2024 Books
    Library of Congress Classification     Non-fiction Undergraduate Library (Christ Temple) Undergraduate Library (Christ Temple) General stacks 02/20/2025   HF5667 MIL ulct00001295 02/20/2025 1 02/20/2025 Books
© 2023-2024 Copyright: Central University Libraries. All Rights Reserved | Created by: Mahone Tech Office